Profesné a mzdové vývojové zmeny na farmách právnických osôb
Vývoj zamestnanosti a produktivity práce v poľnohospodárstve SR. Proporčné zmeny v profesných skupinách. Mzdový vývoj. Mzdová parita k priemernej mzde. Vývoj diferenciácie priemerných mesačných miezd.
Na minha lista:
| Autor principal: | |
|---|---|
| Formato: | Capítulo de Livro |
| Idioma: | eslovaco |
| Assuntos: | |
| Tags: |
Sem tags, seja o primeiro a adicionar uma tag!
|
MARC
| LEADER | 00000naa$a2200000$$$4500 | ||
|---|---|---|---|
| 001 | 0002369 | ||
| 005 | 20231004092022.5 | ||
| 041 | 0 | |a slo | |
| 044 | |a CZ | ||
| 245 | 1 | 0 | |a Profesné a mzdové vývojové zmeny na farmách právnických osôb |c aut. Stanislav Buchta |
| 520 | |a Vývoj zamestnanosti a produktivity práce v poľnohospodárstve SR. Proporčné zmeny v profesných skupinách. Mzdový vývoj. Mzdová parita k priemernej mzde. Vývoj diferenciácie priemerných mesačných miezd. | ||
| 610 | 2 | 0 | |a diferenciácia mzdová |
| 610 | 2 | 0 | |a vývoj mzdový |
| 610 | 2 | 0 | |a mzdy |
| 610 | 2 | 0 | |a profesiografia |
| 610 | 2 | 0 | |a skupiny pracovné |
| 610 | 2 | 0 | |a poľnohospodárstvo |
| 610 | 2 | 0 | |a farmy |
| 610 | 2 | 0 | |a zamestnanosť |
| 610 | 2 | 0 | |a pracovníci poľnohospodárski |
| 100 | 1 | |a Buchta, Stanislav | |